| 000 | 02494nam0a2200433 4500 | ||
|---|---|---|---|
| 001 | RU\NLR\BIBL_A\011009619 | ||
| 005 | 20260407135517.0 | ||
| 010 |
_a978-5-905995-12-5 _9250 |
||
| 021 |
_aRU _b2016-14268 _9921 |
||
| 035 | _a(NLR Aleph) 011009619 | ||
| 035 | _a(NILC)RuMoRGB-008156171 | ||
| 090 |
_a11015684 _c11015684 |
||
| 100 | _a20160315d2015 k y0rusy50 ca | ||
| 101 | 0 | _arus | |
| 102 | _aRU | ||
| 105 | _aacb|z|||000yy | ||
| 200 | 1 |
_aВоронежская область: история и статистика _f[С.В. Гриценко, Е.В. Киселева, Н.Ю. Нецепляева и др. _gпод ред. И.В. Соловьевой] _gФедер. служба гос. статистики, Террит. орган Федер. службы гос. статистики по Воронеж. обл. |
|
| 210 |
_aВоронеж _cВоронежстат _d2015 |
||
| 215 |
_a263 с. _cцв. ил., портр., карт. _d21 |
||
| 300 | _aАвт. указаны на обороте тит. л. | ||
| 320 | _aБиблиогр.: с. 252-262 (173 назв.) и в подстроч. примеч. | ||
| 607 |
_aВоронежская область _xНародное хозяйство _yСтатистика _92615153 _3RU\NLR\AUTH\661551712 |
||
| 607 |
_aВоронежская область _xИстория _91375397 _3RU\NLR\AUTH\66262959 |
||
| 675 | _a908 | ||
| 686 | 1 | _aТ3(2Р-4Вр)0,02 | |
| 686 | 1 | _aУ03(2Р-4Вр)-05 | |
| 701 | 1 |
_aГриценко _bС. В. _cканд. экон. наук _gСергей Викторович _9192699 _3RU\NLR\AUTH\770192750 |
|
| 701 | 1 |
_8rus _7ca _aКиселева _bЕ. В. _cэкономист-статистик _gЕлена Васильевна _3RU\NLR\AUTH\77124912 _9107837 |
|
| 701 | 1 |
_aНецепляева _bН.Ю. |
|
| 702 | 1 |
_4340 _aСоловьева _bИ. В. _cэкономист, статистика _f1961- _gИрина Владимировна _9160726 _3RU\NLR\AUTH\770160768 |
|
| 712 | 0 | 1 |
_4570 _aРоссийская Федерация _bФедеральная служба государственной статистики _bТерриториальный орган по Воронежской области _3RU\NLR\AUTH\8810082131 _9666449 |
| 801 | 0 |
_aRU _bРГБ _c20160224 _gRCR |
|
| 801 | 2 |
_aRU _bРГБ _c20160229 _grcr |
|
| 801 | 1 |
_aRU _bРГБ _c20160224 _2rusmarc |
|
| 942 | _cBOOK | ||
| 980 | _aNBR | ||
| 980 | _aNB | ||